| 000 | 01068nam0a22003011 4500 | ||
|---|---|---|---|
| 001 | RU\NLR\INFOCOMM_190\5000077100 | ||
| 005 | 20250613100614.0 | ||
| 035 | _a(NLR Aleph) 009353051 | ||
| 090 |
_a7814458 _c7814458 |
||
| 100 | _a20101118d1970 |||y0rusy50 ca | ||
| 101 | 1 |
_aeng _crus |
|
| 102 | _aRU | ||
| 105 | _aa ||||000|y | ||
| 200 | 1 |
_aPsychology and space _fYuri Gagarin and Vladimir Lebedev _gTransl. from the Russ. by Boris Belitsky |
|
| 210 |
_aM. _c"Mir" _d1970 |
||
| 215 |
_a273 с., 8 л. ил. _cил. _d16 см |
||
| 300 | _aДоп. тит. л. ан рус. яз.: Ю. Гагарин, В. Лебедев. Психология и космос | ||
| 686 |
_aО6в2 _2rubbk |
||
| 686 |
_aПс5-20 _2rubbk |
||
| 700 | 1 |
_9z01790 _aGagarin _bJ. A. _f1934-1968 _gJurij Alekseevič _4070 |
|
| 701 | 1 |
_9z02790 _aLebedev _bV. I. _gVladimir Ivanovič _4070 |
|
| 790 | 1 |
_9z01700 _aGagarin _bY. _gYuri _4070 |
|
| 790 | 1 |
_9z02701 _aLebedev _bV. _gVladimir _4070 |
|
| 801 | 1 |
_aRU _bNLR _c20101118 |
|
| 801 | 0 |
_aRU _bNLR _gPSBO |
|
| 852 |
_aNLR _jПс01 Д-1/5 |
||
| 942 | _cBOOK | ||
| 980 | _aNB | ||